Sports Quiz

Random Sports or Word Play Quiz
Score 0/18 Timer 05:00
2 Plays Today
% Correct
Evander Holyfield
89.5%
John Elway
89.3%
David Beckham
84.2%
Danica Patrick
84%
Cal Ripken, Jr.
83.7%
Gordie Howe
82.1%
Walter Payton
80.6%
Michelle Kwan
80.1%
Undertaker
79.1%
% Correct
Seabiscuit
78.9%
Arthur Ashe
78%
Apolo Anton Ohno
78%
Lisa Leslie
73.8%
Shaquille O'Neal
70.4%
Hope Solo
70.1%
Justine Henin
61.2%
Mo Farah
60%
Lorena Ochoa
49.4%

You're not logged in!

Compare scores with friends on all Sporcle quizzes.
OR
Log In

Sporcle TV

Today on Sporcle TV


Watch our educational content, quiz creation guides, and fun videos on Sporcle TV.

Show Comments

Extras

Top Quizzes Today


Score Distribution

Paid Content

Your Account Isn't Verified!

In order to create a playlist on Sporcle, you need to verify the email address you used during registration. Go to your Sporcle Settings to finish the process.

Report this User

Report this user for behavior that violates our Community Guidelines.

Details: